[Event "27th Seacost Trophy 2017"]
[Site "Eforie Nord"]
[Date "2017.06.24"]
[Round "6"]
[White "Romcovici, Victor"]
[Black "Manolache, Marius"]
[Result "0-1"]
[WhiteElo "2173"]
[BlackElo "2507"]
[Annotator "TA"]
[PlyCount "86"]
[EventDate "2017.??.??"]
[EventType "swiss"]
[EventCountry "ROU"]
[SourceTitle "playchess.com"]
[Source "ChessBase"]
[SourceQuality "1"]

{[%evp 12,86,27,25,29,21,39,31,28,0,18,5,66,37,41,26,36,-27,-31,-30,-35,-47,-52,-33,-33,-31,-24,-27,0,-20,-22,-18,-23,-104,-75,-42,-53,-196,-198,-180,-182,-217,-227,-423,-419,-425,-424,-406,-191,-236,-234,-341,-229,-229,-223,-229,-236,-216,-210,-342,-189,-204,-204,-306,-294,-311,-292,-316,-300,-316,-300,-409,-422,-422,-411,-542,-486]} 1. d4 Nf6 2. Bg5 e6 3. e4 h6 4. Bxf6 Qxf6 5. c3 d6 6. Bd3 Nc6 {A45: Trompowsky Attack} 7. Ne2 {LiveBook: 23 Games} h5 $146 ({Predecessor:} 7... Bd7 8. O-O e5 9. d5 Nd8 10. f4 g6 11. Na3 Bg7 12. Nb5 Bxb5 13. Bxb5+ Kf8 14. f5 {½-½ (39) Kanep,M (2485)-Riazantsev,A (2671) Tallinn 2016}) 8. Nd2 h4 {The position is equal.} 9. f4 Bd7 10. b4 Qh6 11. b5 Nd8 ({Better is} 11... Ne7 $11) 12. Nf3 Qh5 13. Rg1 Be7 14. g4 (14. Qd2 $14) 14... hxg3 $1 $11 15. Nxg3 Qg4 16. f5 Qf4 17. Qe2 Kf8 18. a4 Rc8 19. Rf1 Qg4 20. Qd2 exf5 21. exf5 c5 22. Be2 {[#]} (22. Rf2 $11 {keeps the balance.}) 22... Rxh2 $1 {[%mdl 512]} 23. Rg1 (23. Nxh2 Qxg3+) 23... Rh3 24. Ne5 {[#]} ({White has to play} 24. f6 $1 $15 gxf6 25. Nh1) 24... Qh4 $1 $19 ({And not} 24... Rxg3 25. Bxg4 Rxg1+ 26. Kf2 $16) 25. Nxd7+ Ke8 26. Qd3 Kxd7 27. a5 $2 (27. Bf1 Rh2 28. Qe4) 27... cxd4 28. cxd4 Bf6 29. Rd1 Ke7 (29... Bg5 $142 30. b6 Bf4) 30. Bf1 Rh2 31. Bg2 (31. Rg2 $142 Kf8 32. Rf2) 31... Kf8 {Strongly threatening ...Bg5.} 32. Kf1 Qf4+ 33. Qf3 Qxf3+ 34. Bxf3 Rc3 35. Be2 (35. Be4 $142) 35... Re3 (35... Bh4 $142 36. Rd3 Rc2) 36. Rg2 {[#]} Rh4 $1 37. Kf2 (37. Rd3 $142 Rf4+ 38. Ke1 Rxd3 39. Bxd3) 37... Ra3 38. d5 Rf4+ 39. Kg1 Bd4+ 40. Kh1 Be5 ({Don't take} 40... Rxa5 41. Rh2 $19) 41. Rd3 Rxd3 42. Bxd3 Rf3 43. b6 axb6 {Precision: White = 31%, Black = 58%.} ({Avoid the trap} 43... Rxd3 $2 44. bxa7 Bxg3 45. a8=Q $18) 0-1

[Event "27th Seacost Trophy 2017"]
[Site "Eforie Nord"]
[Date "2017.06.24"]
[Round "6"]
[White "Ceres, Dragos"]
[Black "Petre, Nad-Titus"]
[Result "1/2-1/2"]
[WhiteElo "2002"]
[BlackElo "2334"]
[Annotator "NA"]
[PlyCount "38"]
[EventDate "2017.??.??"]
[EventType "swiss"]
[EventCountry "ROU"]
[SourceTitle "playchess.com"]
[Source "ChessBase"]
[SourceQuality "1"]
[TimeControl "5400+30"]

1. e4 {[%emt 0:00:00]} e5 {[%emt 0:06:13]} 2. Nf3 {[%emt 0:00:00]} d6 {[%emt 0:00:13]} 3. d4 {[%emt 0:00:00]} exd4 {[%emt 0:00:38]} 4. Nxd4 {[%emt 0:00:10]} Nf6 {[%emt 0:00:04]} 5. Nc3 {[%emt 0:00:12]} Be7 {[%emt 0:00:04]} 6. Be2 {[%emt 0:00:48]} O-O {[%emt 0:00:26]} 7. O-O {[%emt 0:00:24]} Re8 {[%emt 0:01:00]} 8. f4 {[%emt 0:05:31]} Bf8 {[%emt 0:02:15]} 9. Bf3 {[%emt 0:00:17]} c5 {[%emt 0:01:17]} 10. Nb3 {[%emt 0:01:53]} Nc6 {[%emt 0:01:06]} 11. Kh1 {[%emt 0:01:44]} a5 {[%emt 0:07:39]} 12. a4 {[%emt 0:01:15]} Be6 {[%emt 0:00:47]} 13. Nd5 {[%emt 0:02:33]} g6 {[%emt 0:14:19]} 14. c3 {[%emt 0:03:54]} Bg7 {[%emt 0:09:26]} 15. Nd2 {[%emt 0:02:04]} Bxd5 {[%emt 0:07:16]} 16. exd5 {[%emt 0:00:10]} Ne7 {[%emt 0:00:10]} 17. Nc4 {[%emt 0:02:54]} Nf5 {[%emt 0:02:53]} 18. Bd2 {[%emt 0:08:36]} Nh4 {[%emt 0:07:34]} 19. Re1 {[%emt 0:01:02]} Qc7 {[%emt 0:07:26]} 1/2-1/2

[Event "27th Seacost Trophy 2017"]
[Site "Eforie Nord"]
[Date "2017.06.25"]
[Round "7"]
[White "Istratescu, Andrei"]
[Black "Bulmaga, Irina"]
[Result "1-0"]
[WhiteElo "2593"]
[BlackElo "2415"]
[Annotator "TA"]
[PlyCount "107"]
[EventDate "2017.??.??"]
[EventType "swiss"]
[EventCountry "ROU"]
[SourceTitle "playchess.com"]
[Source "ChessBase"]
[SourceQuality "1"]

{[%evp 24,107,0,0,3,6,20,18,31,42,30,26,28,29,35,23,60,60,85,85,85,85,81,83,84,72,84,84,86,88,89,75,87,86,87,79,86,86,154,156,152,159,165,166,160,158,204,170,207,207,218,217,196,198,243,215,253,252,248,245,270,283,273,265,288,218,276,282,372,358,480,480,459,407,612,602,597,587,564,559,1481,1460,1269,1078,1164,1152]} 1. d4 Nf6 2. Nf3 e6 3. g3 c5 4. Bg2 cxd4 5. O-O d5 6. Nxd4 e5 7. Nf3 Nc6 8. c4 d4 9. e3 Be7 10. exd4 exd4 11. Bf4 O-O {E01: Catalan: Early deviations} 12. Re1 (12. Ne5 Qb6 13. Re1 Be6 14. Nd2 Rac8 15. a3 d3 16. b4 Nxe5 17. c5 Qa6 18. Bxe5 Ng4 19. Bc3 Bf6 20. Qc1 Rfd8 {½-½ (35) Dubov,D (2660)-Nepomniachtchi,I (2751) Sochi 2017}) 12... Be6 13. Nbd2 {[%cal Bb1d2,Bd2b3,Bb3d4,Bd4f5][%mdl 32] LiveBook: 6 Games} Re8 $146 {The position is equal.} ({Predecessor:} 13... Qb6 14. Ne5 Rac8 15. Qb3 Na5 16. Qxb6 axb6 17. b3 b5 18. cxb5 Rc2 {½-½ (101) Goryachkina,A (2466)-Ushenina,A (2459) Doha 2016}) 14. a3 a5 15. Ne5 Nxe5 16. Bxe5 Qb6 17. Qb3 Qxb3 18. Nxb3 Bxc4 19. Nxd4 Bd5 20. Nf5 $36 {[%mdl 2048] [#] Threatens to win with Bxf6. White is more active.} Bf8 21. Bxf6 Bxg2 22. Bxg7 Be4 23. Bxf8 Bxf5 24. Bh6 f6 25. Bd2 a4 26. Bc3 Kf7 27. f3 Bc2 28. Kf2 Rad8 29. Rac1 Rxe1 30. Bxe1 $16 {[%mdl 4096] Endgame KRB-KRB} Bf5 ({Better is} 30... Rc8) 31. Rc7+ Rd7 {[#]} 32. Rc4 $1 b5 33. Rc5 Bd3 34. g4 Re7 {Strongly threatening ...Re2+.} 35. Bc3 Bc4 36. h4 {[%cal Bh2h4,Bh4h5][%mdl 32]} Bd3 37. h5 Re6 38. Kg3 Re3 39. Kf4 Re6 40. Bb4 Re7 41. Rc6 Re6 42. Rc7+ Ke8 43. Kg3 Re2 44. Bc3 Re7 45. Rc6 f5 46. g5 Re3 47. g6 hxg6 48. Bd4 Re1 (48... Re7 $142 49. hxg6 Kd7) 49. hxg6 $18 {White is clearly winning.} Kd7 50. g7 Re8 51. Rf6 {Black must now prevent Rf7+.} Rg8 52. Rf8 Bc4 53. Kf4 Be6 54. Kg5 {Precision: White = 93%, Black = 34%.} 1-0

[Event "27th Seacost Trophy 2017"]
[Site "Eforie Nord"]
[Date "2017.06.25"]
[Round "7"]
[White "Nevednichy, Vladislav"]
[Black "Calin, Alexandru"]
[Result "1-0"]
[WhiteElo "2533"]
[BlackElo "2081"]
[Annotator "TA"]
[PlyCount "65"]
[EventDate "2017.??.??"]
[EventType "swiss"]
[EventCountry "ROU"]
[SourceTitle "playchess.com"]
[Source "ChessBase"]
[SourceQuality "1"]

{[%evp 14,65,43,41,37,23,60,51,77,39,57,27,11,16,150,93,172,164,154,134,141,126,257,257,257,260,278,261,354,284,285,303,372,381,385,390,387,347,383,372,403,397,402,407,424,412,614,614,595,521,714,682,682,666]} 1. e4 d6 2. d4 Nf6 3. Nc3 Nbd7 4. Nf3 e5 5. Bc4 Be7 6. a4 O-O 7. O-O a6 8. Re1 b6 {C41: Philidor Defence} 9. Ne2 {[%cal Bc3e2,Be2g3,Bg3e4][%mdl 32]} (9. h3 Bb7 10. d5 Ne8 11. b4 Bc8 12. a5 b5 13. Bd3 g6 14. Ne2 Ng7 15. c4 bxc4 16. Bxc4 {½-½ (34) Anand,V (2779)-Jobava,B (2702) Doha 2016}) 9... c6 10. Ng3 d5 {White is slightly better.} 11. Bd3 $146 ({Predecessor:} 11. dxe5 dxc4 12. exf6 Bxf6 13. Qe2 c3 14. b3 Ne5 15. Nxe5 Bxe5 16. Be3 {1-0 (41) Leks,M (2082)-Kochetkova,J (2319) Warsaw 2011}) 11... dxe4 12. Nxe4 exd4 13. Nxd4 Qc7 (13... Ne5 $11) 14. Nf5 (14. Bg5 $142) 14... Nc5 (14... Bd8 $16) 15. Nxe7+ $18 Qxe7 16. Bg5 $36 {[%mdl 2048] White is on the roll.} Ncxe4 17. Bxe4 Qxe4 (17... Be6 $16) 18. Rxe4 Nxe4 19. Be3 Rb8 20. Qd3 Nf6 21. Bg5 Nd7 22. Qg3 f6 23. Bf4 Ne5 24. Bxe5 fxe5 25. Qxe5 Bf5 26. Qc3 Kh8 27. h3 Rf6 28. Re1 Rbf8 29. Re7 Be6 (29... h6 $142 30. g4 Bh7) 30. Qe3 {White is clearly winning.} Bf5 31. Re8 Bxc2 32. Rxf8+ Rxf8 33. a5 {Precision: White = 87%, Black = 27%.} 1-0

[Event "27th Seacost Trophy 2017"]
[Site "Eforie Nord"]
[Date "2017.06.25"]
[Round "7"]
[White "Nanu, Costica-Ciprian"]
[Black "Kharitonov, Alexandr"]
[Result "1/2-1/2"]
[WhiteElo "2509"]
[BlackElo "2547"]
[Annotator "TA"]
[PlyCount "28"]
[EventDate "2017.??.??"]
[EventType "swiss"]
[EventCountry "ROU"]
[SourceTitle "playchess.com"]
[Source "ChessBase"]
[SourceQuality "1"]

{[%evp 20,21,12,6]} 1. d4 d5 2. c4 c6 3. cxd5 cxd5 4. Nc3 Nf6 5. Bf4 Nc6 6. e3 a6 7. Nf3 Bg4 8. Be2 Bxf3 9. Bxf3 e6 10. O-O Bd6 11. Bg5 {LiveBook: 9 Games. D13: Slav Defence: Exchange variation without ...Bf5} (11. Bxd6 Qxd6 12. Na4 O-O 13. Rc1 e5 14. dxe5 Qxe5 15. Qb3 Rab8 16. Rfd1 {½-½ (16) Nepomniachtchi,I (2705)-Dubov,D (2661) Berlin 2015}) {Predecessor:} 11... Be7 $146 12. Bxf6 Bxf6 13. a3 Rc8 14. Rc1 O-O {½-½ (14) Movsziszian,K (2531)-Giaccio,A (2475) Mao 2007} 1/2-1/2

[Event "27th Seacost Trophy 2017"]
[Site "Eforie Nord"]
[Date "2017.06.25"]
[Round "7"]
[White "Manolache, Marius"]
[Black "Peptan, Corina-Isabela"]
[Result "1/2-1/2"]
[WhiteElo "2507"]
[BlackElo "2403"]
[Annotator "TA"]
[PlyCount "82"]
[EventDate "2017.??.??"]
[EventType "swiss"]
[EventCountry "ROU"]
[SourceTitle "playchess.com"]
[Source "ChessBase"]
[SourceQuality "1"]

{[%evp 10,82,32,29,58,37,50,43,39,35,43,14,41,17,50,42,62,62,77,27,27,30,38,11,25,19,29,30,35,21,28,22,27,14,30,0,0,0,0,0,0,0,0,0,0,-3,0,0,0,0,0,6,9,0,0,-73,0,0,0,0,0,0,0,0,0,0,0,0,0,0,0,0,0,0,0]} 1. d4 d5 2. Bf4 c6 3. e3 Qb6 4. Qc1 Bf5 5. Nf3 Nf6 6. c4 {LiveBook: 20 Games. D02: 1 d4 d5 2 Nf3 sidelines, including 2...Nf6 3 g3 and 2...Nf6 3 Bf4} dxc4 (6... e6 7. Nc3 Nbd7 8. c5 Qd8 9. h3 a5 10. a3 a4 11. Qd1 b6 12. cxb6 Qxb6 13. Nxa4 Qa5+ {0-1 (25) Gledura,B (2588)-Gorozhanin,M (2419) chess.com INT 2017}) 7. Bxc4 (7. Nbd2 {is more complex.} e6 8. Nxc4 Qd8 9. Be2 Be7 10. O-O) 7... e6 8. O-O {White is slightly better.} Be7 9. Nc3 Nbd7 {[%cal Bb8d7,Bd7f6,Bf6e4][%mdl 32]} 10. Re1 Ne4 11. Nd2 Ndf6 12. Ndxe4 $146 ({Predecessor:} 12. f3 Nxd2 13. Qxd2 Rd8 {1-0 (50) Patteson,B-Chalker,R San Antonio 1997}) 12... Nxe4 13. f3 Nf6 14. Kh1 (14. Na4 $5 {[%cal Ra4b6]} Qa5 15. Bb3 $14) 14... Bg6 15. a3 O-O 16. Bg3 Rac8 17. Rd1 c5 18. d5 exd5 19. Bxd5 Bf5 20. e4 Be6 21. Bxe6 Qxe6 22. Nd5 Nxd5 23. exd5 Qd7 24. Be5 f6 25. Bg3 Bd6 26. Bxd6 Qxd6 27. Qc4 Rcd8 28. Rac1 b6 29. b4 cxb4 30. axb4 Rfe8 31. b5 Re5 {[%cal Re5d5]} 32. Rc2 {[#]} (32. Rd2 $11) 32... Kf8 (32... Qe6 $1 $17 {[%mdl 512] aiming for ...Re1+.} 33. h3 (33. dxe6 Rxd1+) 33... Rdxd5) 33. Rcd2 $1 $11 {The position is equal.} Qc5 34. Qxc5+ bxc5 {[%mdl 4096] Endgame KRR-KRR} 35. Kg1 c4 36. Kf2 c3 37. Rc2 Rexd5 38. Rxd5 Rxd5 39. Rxc3 Rxb5 40. Rc8+ Kf7 41. Rc7+ Kg6 {Precision: White = 65%, Black = 68%.} 1/2-1/2

[Event "27th Seacost Trophy 2017"]
[Site "Eforie Nord"]
[Date "2017.06.25"]
[Round "7"]
[White "Itkis, Boris"]
[Black "Murariu, Andrei"]
[Result "0-1"]
[WhiteElo "2371"]
[BlackElo "2504"]
[Annotator "TA"]
[PlyCount "72"]
[EventDate "2017.??.??"]
[EventType "swiss"]
[EventCountry "ROU"]
[SourceTitle "playchess.com"]
[Source "ChessBase"]
[SourceQuality "1"]

{[%evp 22,72,13,0,36,35,43,9,26,0,64,50,72,54,84,70,73,0,0,-31,-1,-5,-7,-57,-15,-70,-70,-84,-82,-85,-60,-105,-99,-85,-90,-113,-113,-122,-118,-137,-135,-121,-129,-357,-361,-333,-323,-448,-439,-445,-438,-445,-442]} 1. d4 d5 2. c4 e6 3. Nf3 Nf6 4. Nc3 c6 5. Bg5 h6 6. Bxf6 Qxf6 7. e3 g6 8. Bd3 dxc4 9. Bxc4 Bg7 10. O-O O-O 11. Qe2 Nd7 12. Rac1 {LiveBook: 17 Games} Re8 $146 {D43: Semi-Slav: 5 Bg5 h6} ({Predecessor:} 12... Qe7 13. e4 c5 14. d5 Nb6 15. Rfd1 exd5 16. Nxd5 Nxd5 17. Bxd5 Bg4 18. h3 Bxf3 19. Qxf3 Rad8 20. b3 {½-½ (20) Rusev,K (2545)-Nikolov,M (2532) Odense 2013}) 13. Rfd1 a5 14. a3 Qe7 {The position is equal.} 15. e4 e5 (15... b5 $11 16. Bd3 b4) 16. d5 $14 a4 17. Ba2 Nb6 18. Qe3 Ra6 19. d6 (19. h3 $16) 19... Qd8 $1 $11 20. Ne1 Be6 21. Nd3 {[#] And now Bxe6 would win.} Nd7 22. Rc2 Bf8 23. Rcd2 (23. Nc5 $11 Nxc5 24. Qxc5) 23... Ra5 24. g3 Bxa2 25. Nxa2 Qf6 26. Ndb4 Re6 27. Kg2 h5 28. Qf3 Qxf3+ 29. Kxf3 Ra8 30. Nc3 {[#]} Nc5 $1 31. d7 Rd8 32. Ne2 $2 (32. Kg2 $17) 32... Rf6+ $19 33. Ke3 Nb3 34. f4 Bc5+ {Black is clearly winning.} 35. Kf3 Nxd2+ 36. Rxd2 Rd6 {Precision: White = 19%, Black = 62%.} 0-1

[Event "27th Seacost Trophy 2017"]
[Site "Eforie Nord"]
[Date "2017.06.25"]
[Round "7"]
[White "Petre, Nad-Titus"]
[Black "Olariu, Luca-Stefan"]
[Result "1-0"]
[WhiteElo "2334"]
[BlackElo "2059"]
[Annotator "TA"]
[PlyCount "111"]
[EventDate "2017.??.??"]
[EventType "swiss"]
[EventCountry "ROU"]
[SourceTitle "playchess.com"]
[Source "ChessBase"]
[SourceQuality "1"]

{[%evp 19,111,60,61,59,56,56,83,83,70,86,79,16,18,0,0,0,0,0,6,0,57,0,0,3,21,25,29,27,24,16,31,35,31,13,24,31,43,45,58,0,0,0,7,0,0,-1,0,0,0,0,223,220,230,199,195,12,12,12,20,2,1,1,3,5,6,0,0,0,0,0,58,12,137,28,199,45,12845,12846,12847,12846,12846,12847,12847,12847,12848,12848,12850,29980,12851,29981,12851,29984,29984,29985]} 1. c4 c5 2. Nc3 Nc6 3. Nf3 g6 4. e3 Bg7 5. d4 cxd4 6. exd4 d6 7. d5 Ne5 8. Nxe5 Bxe5 9. Bd3 {A35: Symmetrical English: 2 Nc3 Nc6 3 Nf3} Bg7 10. O-O Nf6 {LiveBook: 5 Games} 11. Bg5 {White is slightly better.} O-O 12. Qd2 e5 $146 ({Predecessor:} 12... Re8 13. Rfe1 e5 14. dxe6 Bxe6 15. Rad1 Qb6 16. b3 Qa5 17. Bxf6 Bxf6 {1-0 (48) Kurnosov,I (2663)-Ismagambetov,A (2471) Astana 2012}) 13. dxe6 Bxe6 14. Rad1 Rc8 15. Qf4 ({White should try} 15. Rfe1 $16) 15... Nh5 $11 16. Qh4 (16. Qe3 {is more complex.} Qd7 17. Rfe1 Bxc3 18. bxc3 Bxc4 19. Qe7) 16... Bf6 17. Bxf6 Qxf6 18. Qxf6 Nxf6 19. b3 a6 (19... d5 $11) 20. Na4 (20. Ne4 $14 Nxe4 21. Bxe4) 20... d5 {[%cal Rd5c4]} 21. Nb6 Rcd8 22. c5 Nd7 23. Nxd7 Rxd7 24. b4 Rc7 25. a3 a5 26. Bb5 axb4 27. axb4 Bd7 28. Be2 Re8 29. Bf3 (29. Rd2 $14) 29... Bb5 30. Rfe1 Rxe1+ 31. Rxe1 {[%mdl 4096] Endgame KRB-KRB} d4 32. Re5 Rd7 (32... b6 $5) 33. Rd5 Rxd5 34. Bxd5 {KB-KB} Ba4 $2 (34... d3 $1 $11 35. Bb3 (35. Bxb7 Ba4 $17) 35... d2) 35. Kf1 $18 Bb5+ 36. Ke1 Ba6 37. b5 $2 (37. Kd2 $18) 37... Bxb5 $11 38. Bxb7 Bc4 39. c6 {Strongly threatening c7.} Bd5 40. Ba8 {And now c7 would win.} Be6 41. Ke2 {Hoping for Kd3.} Kf8 42. Kd3 (42. c7 $5 {[%cal Ra8b7]} Bc8 43. Bd5 $11) 42... Ke7 43. f3 Kd6 44. Kxd4 h5 (44... f6 $11) 45. h4 {next c7! is good for White.} (45. c7 $5 Kxc7 46. Ke5 $14) 45... Bb3 {[#]} (45... f6 $1 $11 {remains equal.}) 46. Ke4 ({White must play} 46. c7 $1 $16 {[%cal Rc7c8][%mdl 512]} Kxc7 47. Ke5) 46... Bd5+ $2 (46... Bc2+ $11 {and Black is okay.} 47. Ke3 f6) 47. Kf4 $18 Bxc6 $2 {[%mdl 8192]} (47... Kc7 $14) 48. Bxc6 Kxc6 $14 {K3P-K3P} 49. Ke5 Kd7 50. Kf6 Ke8 51. f4 Kf8 52. f5 gxf5 53. Kxf5 Ke7 54. Kg5 (54. g3 $18 Kf8 55. Kg5) 54... f6+ 55. Kxh5 Kf7 56. Kh6 {Precision: White = 54%, Black = 42%.} 1-0

[Event "27th Seacost Trophy 2017"]
[Site "Eforie Nord"]
[Date "2017.06.25"]
[Round "7"]
[White "Bonte, Andrei-Mihai"]
[Black "Martinovici, Ilie"]
[Result "1-0"]
[WhiteElo "2310"]
[BlackElo "2097"]
[Annotator "NA"]
[PlyCount "51"]
[EventDate "2017.??.??"]
[EventType "swiss"]
[EventCountry "ROU"]
[SourceTitle "playchess.com"]
[Source "ChessBase"]
[SourceQuality "1"]
[TimeControl "5400+30"]

1. c4 {[%emt 0:01:03]} Nf6 {[%emt 0:00:05]} 2. Nc3 {[%emt 0:00:14]} e6 {[%emt 0:00:02]} 3. Nf3 {[%emt 0:04:53]} d5 {[%emt 0:01:12]} 4. d4 {[%emt 0:00:15]} Be7 {[%emt 0:01:08]} 5. Bg5 {[%emt 0:02:55]} O-O {[%emt 0:01:24]} 6. e3 {[%emt 0:00:07]} Nbd7 {[%emt 0:02:05]} 7. Bd3 {[%emt 0:02:07]} dxc4 {[%emt 0:02:00]} 8. Bxc4 {[%emt 0:00:02]} c5 {[%emt 0:00:00]} 9. O-O {[%emt 0:00:28]} a6 {[%emt 0:01:47]} 10. a4 {[%emt 0:00:06]} cxd4 {[%emt 0:00:53]} 11. exd4 {[%emt 0:00:12]} Nb6 {[%emt 0:00:41]} 12. Bb3 {[%emt 0:03:04]} Nbd5 {[%emt 0:04:33]} 13. Qe2 {[%emt 0:06:00]} Nxc3 {[%emt 0:02:39]} 14. bxc3 {[%emt 0:00:03]} b6 {[%emt 0:00:12]} 15. Ne5 {[%emt 0:14:14]} Bb7 {[%emt 0:02:36]} 16. Nxf7 {[%emt 0:01:45]} Rxf7 {[%emt 0:00:04]} 17. Bxe6 {[%emt 0:00:40]} Bd5 {[%emt 0:03:18]} 18. Bxf7+ {[%emt 0:00:13]} Bxf7 {[%emt 0:00:01]} 19. Rfe1 {[%emt 0:01:28]} Ra7 {[%emt 0:01:21]} 20. Rab1 {[%emt 0:00:13]} Nd5 {[%emt 0:03:42]} 21. Bxe7 {[%emt 0:02:40]} Rxe7 {[%emt 0:06:36]} 22. Qxa6 {[%emt 0:00:15]} Rxe1+ {[%emt 0:00:11]} 23. Rxe1 {[%emt 0:00:02]} Nxc3 {[%emt 0:00:07]} 24. Rc1 Qe8 25. Kf1 {[%emt 0:06:02]} Qc6 {[%emt 0:00:30]} 26. Rxc3 {[%emt 0:00:20]} 1-0

[Event "27th Seacost Trophy 2017"]
[Site "Eforie Nord"]
[Date "2017.06.25"]
[Round "7"]
[White "Schitco, Ivan"]
[Black "Ceres, Dragos"]
[Result "1/2-1/2"]
[WhiteElo "2091"]
[BlackElo "2002"]
[Annotator "NA"]
[PlyCount "59"]
[EventDate "2017.??.??"]
[EventType "swiss"]
[EventCountry "ROU"]
[SourceTitle "playchess.com"]
[Source "ChessBase"]
[SourceQuality "1"]
[TimeControl "5400+30"]

1. c4 {[%emt 0:00:00]} e5 {[%emt 0:00:31]} 2. g3 {[%emt 0:00:00]} Nf6 {[%emt 0:00:12]} 3. Bg2 {[%emt 0:00:00]} Bc5 {[%emt 0:02:19]} 4. Nc3 {[%emt 0:00:39]} c6 {[%emt 0:01:42]} 5. Qb3 {[%emt 0:09:30]} O-O {[%emt 0:00:52]} 6. e3 {[%emt 0:01:03]} Re8 {[%emt 0:00:34]} 7. d3 {[%emt 0:00:58]} Na6 {[%emt 0:01:28]} 8. Nge2 {[%emt 0:04:29]} Bf8 {[%emt 0:07:51]} 9. O-O {[%emt 0:05:09]} Nc7 {[%emt 0:02:27]} 10. e4 {[%emt 0:04:55]} Ne6 {[%emt 0:02:39]} 11. h3 {[%emt 0:02:31]} Bc5 {[%emt 0:04:42]} 12. Na4 {[%emt 0:03:55]} Nd4 {[%emt 0:00:43]} 13. Qd1 {[%emt 0:03:40]} Nxe2+ {[%emt 0:00:11]} 14. Qxe2 {[%emt 0:00:05]} Bd4 {[%emt 0:00:06]} 15. Nc3 {[%emt 0:05:12]} d5 {[%emt 0:15:23]} 16. cxd5 {[%emt 0:03:40]} cxd5 {[%emt 0:00:25]} 17. exd5 {[%emt 0:12:39]} Bxc3 {[%emt 0:04:19]} 18. bxc3 {[%emt 0:00:07]} Nxd5 {[%emt 0:00:06]} 19. Bd2 {[%emt 0:01:30]} Nf6 {[%emt 0:02:57]} 20. Rfd1 {[%emt 0:04:04]} Rb8 {[%emt 0:06:37]} 21. c4 {[%emt 0:04:09]} Qc7 {[%emt 0:03:58]} 22. Bg5 {[%emt 0:03:14]} Be6 {[%emt 0:07:06]} 23. Bxf6 {[%emt 0:04:22]} gxf6 {[%emt 0:00:05]} 24. Qh5 {[%emt 0:00:11]} Kg7 {[%emt 0:01:31]} 25. d4 {[%emt 0:04:22]} exd4 {[%emt 0:02:58]} 26. Rxd4 {[%emt 0:00:22]} Qe5 {[%emt 0:00:29]} 27. Qh4 {[%emt 0:06:42]} Rbd8 {[%emt 0:01:53]} 28. Bd5 {[%emt 0:02:41]} Bxd5 {[%emt 0:02:04]} 29. cxd5 {[%emt 0:00:13]} Rxd5 {[%emt 0:01:01]} 30. Qg4+ {[%emt 0:02:01]} 1/2-1/2

[Event "27th Seacost Trophy 2017"]
[Site "Eforie Nord"]
[Date "2017.06.25"]
[Round "7"]
[White "Vasiliu, Cosmin"]
[Black "Soltanici, Ruslan"]
[Result "1/2-1/2"]
[WhiteElo "2016"]
[BlackElo "2393"]
[Annotator "NA"]
[PlyCount "53"]
[EventDate "2017.??.??"]
[EventType "swiss"]
[EventCountry "ROU"]
[SourceTitle "playchess.com"]
[Source "ChessBase"]
[SourceQuality "1"]
[TimeControl "5400+30"]

1. e4 {[%emt 0:00:00]} c5 {[%emt 0:00:12]} 2. Nc3 {[%emt 0:00:00]} a6 {[%emt 0:00:26]} 3. a4 {[%emt 0:00:43]} e6 {[%emt 0:01:55]} 4. g3 {[%emt 0:00:15]} Nc6 {[%emt 0:06:23]} 5. Bg2 {[%emt 0:00:07]} g6 {[%emt 0:00:22]} 6. Nf3 {[%emt 0:03:36]} Bg7 {[%emt 0:00:10]} 7. O-O {[%emt 0:00:10]} Nge7 {[%emt 0:00:55]} 8. Re1 {[%emt 0:00:32]} d6 {[%emt 0:04:39]} 9. Ne2 {[%emt 0:02:06]} e5 {[%emt 0:03:49]} 10. c3 {[%emt 0:00:05]} Qb6 {[%emt 0:13:19]} 11. d4 {[%emt 0:05:30]} cxd4 {[%emt 0:04:32]} 12. cxd4 {[%emt 0:02:33]} exd4 {[%emt 0:00:20]} 13. Bf4 {[%emt 0:10:54]} O-O {[%emt 0:02:49]} 14. Bxd6 {[%emt 0:02:37]} Rd8 {[%emt 0:00:41]} 15. a5 {[%emt 0:01:04]} Qxb2 {[%emt 0:02:41]} 16. e5 {[%emt 0:27:05]} Nf5 {[%emt 0:08:39]} 17. Rb1 {[%emt 0:00:48]} Qa2 {[%emt 0:00:16]} 18. Ra1 {[%emt 0:01:44]} Qc4 {[%emt 0:08:19]} 19. Ra4 {[%emt 0:00:52]} Nxd6 {[%emt 0:01:34]} 20. Rxc4 {[%emt 0:00:10]} Nxc4 {[%emt 0:00:04]} 21. Qa4 {[%emt 0:18:14]} N6xa5 {[%emt 0:18:16]} 22. Nexd4 {[%emt 0:01:27]} b5 {[%emt 0:00:41]} 23. Qa2 {[%emt 0:01:43]} Ra7 {[%emt 0:00:16]} 24. Bf1 {[%emt 0:02:11]} Rad7 {[%emt 0:01:59]} 25. Bh3 {[%emt 0:04:43]} Rxd4 {[%emt 0:03:10]} 26. Bxc8 {[%emt 0:00:08]} Rd3 {[%emt 0:00:17]} 27. Qe2 {[%emt 0:03:58]} 1/2-1/2